Surgical clinics of north america: updates in endocrine surgery (Record no. 38660)

MARC details
000 -LEADER
fixed length control field 00469nam a2200169Ia 4500
022 ## - INTERNATIONAL STANDARD SERIAL NUMBER
ISSN 00396109
050 ## - CALL MARK
Classification number RD 599 .S5/
245 #0 - TITLE STATEMENT
Title Surgical clinics of north america: updates in endocrine surgery
260 ## - PUBLICATION, DISTRIBUTION, ETC. (IMPRINT)
Place of publication Philadelphia
260 ## - PUBLICATION, DISTRIBUTION, ETC. (IMPRINT)
Name of publisher Elsevier Inc.
260 ## - PUBLICATION, DISTRIBUTION, ETC. (IMPRINT)
Year of publication 1996
300 ## - PHYSICAL DESCRIPTION
Number of Pages ix, 951 p. : ill. ; 21 cm.
650 ## - SUBJECT ADDED ENTRY--TOPICAL TERM
Topical Term Endocrine glands--Surgery--Periodicals.
942 ## - ADDED ENTRY ELEMENTS (KOHA)
Koha item type Serials

No items available.